000 01300nam a2200469 a 4500
003 AR-BaBNM
005 20251128204818.0
008 082120s2002 ||||||||||||||000 | spa||
020 _a84-494-0030-9
040 _cAR-BaBNM
100 1 _aHaried, A.
245 0 0 _aEnciclopedia de la contabilidad
_bcontabilidad avanzada. 2
260 _aBarcelona
_bOcéano
_bCentrum
_c1985
300 _ap. 269-516
_bgráfs., il., tablas, cuadros
500 _aVersión de la 3a ed. original Advanced Accounting de los mismos autores
650 4 _aTEORIA ECONOMICA
650 4 _aHISTORIA ECONOMICA
650 4 _aSOCIEDADES COMERCIALES
650 4 _aCONTABILIDAD DE COSTOS
650 4 _aCOMERCIO
650 4 _aINVERSION
650 4 _aIMPUESTOS
650 4 _aENSEÑANZA DE LA ECONOMIA
650 4 _aPLANIFICACION ECONOMICA
650 4 _aCOSTOS
650 4 _aMACROECONOMIA
650 4 _aMICROECONOMIA
650 4 _aCREDITO
650 4 _aESTADOS DE CUENTAS
650 4 _aFINANZAS
650 4 _aGASTOS
650 4 _aINGRESO
650 4 _aACCIONES
650 4 _aADMINISTRACION FINANCIERA
650 4 _aADMINISTRACION DE EMPRESAS
650 4 _aECONOMIA DE LA EMPRESA
655 _aREFERENCIA
700 1 _aImdieke, L.
700 1 _aSmith, R.
942 _cBK
998 _cMARTIN
999 _c8928
_d8928